000 00435nab a2200145Ia 4500
003 ES-SlBCS
005 20210601125236.0
008 140529s1976 xxu||||| |||| 00| 0 eng d
041 _aeng
100 1 _aSimpson, R. L.
_9155875
245 0 0 _aNielsen on Ethical Subjectivism
_c R. L. Simpson
600 1 4 _aNielsen, Kai
_950638
773 0 _tPhilosophy and Phenomenological Research
_gvol. 37, 1976, págs. 116-120
_wRev1411
942 _cAR
999 _c527109
_d527109